|
|
|
|
| LEADER |
00000nab a2200000 a 4500 |
| 001 |
vtls008934322 |
| 003 |
SK-MaSNL |
| 005 |
20260303070607.0 |
| 008 |
060206 19770219xo d 000 0 slo |
| 015 |
|
|
|a SNBRB1977
|
| 040 |
|
|
|a SNKBUCL
|b slo
|c SNKBUCL
|e AACR2
|
| 041 |
0 |
|
|a slo
|
| 044 |
|
|
|a xo
|c SK
|
| 080 |
|
|
|a 82:929:821.162.4
|2 2001
|
| 080 |
|
|
|a 929:821.162.4
|2 2001
|
| 080 |
|
|
|a 821.162.4
|2 2001
|
| 080 |
|
|
|a 929 Zeljenka, Ľudo
|2 2001
|
| 245 |
0 |
0 |
|a Uznanie humoristovi
|b [úspech Ľ. Zeljenku na X. ročníku národného humoru v Bulharsku]
|c [autor] J. D.
|
| 600 |
1 |
7 |
|a Zelienka, Ľudo,
|d 1917-1977
|2 snkbucl
|9 123029
|
| 773 |
0 |
|
|t Pravda
|g 19. 2. 1977, s. 5
|
| 958 |
|
|
|a LX
|
| 958 |
|
|
|a BX
|
| 999 |
|
|
|c 1756045
|d 1757975
|